000 00903cam a2200241 4500
001 WB3649-02
008 000000n2000 000 0 eng u
035 _a(Sirsi) u109948
245 _a'Shocking' construction death toll
260 _c2000
490 _aHealth and Safety Bulletin
_v(294) December 2000, 2(1)
520 _aThe HSE has released figures for construction site deaths earlier than planned because of the steep rise in deaths. The statistics reveal that 62 people were killed during the six months from 1 April 2000, representing a rise of over 50% on the 39 deaths in the same period in 1999. Table. Lists references.
590 _aWB
650 _aHSE
650 _aDEATHS
650 _aSTATISTICS
650 _aHSC
650 _aWORKING PRACTICES
650 _aCONSTRUCTION SITES
650 _aACCIDENTS
690 _aBUILT ENVIRONMENT-BUILDING STANDARDS
942 _n0
999 _c65582
_d65582